MANAGING HUMAN RESOURCES IN HEALTH CARE (Record no. 4706)

MARC details
000 -LEADER
fixed length control field 00364nam a2200133Ia 4500
008 - FIXED-LENGTH DATA ELEMENTS--GENERAL INFORMATION
fixed length control field 240624s9999 xx 000 0 und d
041 ## - LANGUAGE CODE
Language code of text/sound track or separate title eng
082 ## - DEWEY DECIMAL CLASSIFICATION NUMBER
Classification number 362.10683 SHI
100 ## - MAIN ENTRY--PERSONAL NAME
Personal name SHI LEIYU
245 ## - TITLE STATEMENT
Title MANAGING HUMAN RESOURCES IN HEALTH CARE
260 ## - PUBLICATION, DISTRIBUTION, ETC.
Date of publication, distribution, etc. 2007
Place of publication, distribution, etc. Boston
Name of publisher, distributor, etc. Jones and Bartlett Publishers
300 ## - PHYSICAL DESCRIPTION
Extent xxiii, : 412 : p. : cm. ; 22
365 ## - TRADE PRICE
Currency code
Price amount 25
Holdings
Withdrawn status Lost status Damaged status Not for loan Home library Current library Shelving location Date acquired Source of acquisition Cost, normal purchase price Total Holds Full call number Barcode Date last seen Copy number Price effective from Koha item type
        IMTN IMTN Rack 15-A 03/05/2007 IBH 50.00 576 362.10683 SHI 4706 06/24/2024 44.28 06/24/2024 Books
Designed & Maintained by: LRC IMT Nagpur Contact: lrc@imtnag.ac.in© 2024. All Rights Reserved.